000
00216nam a2200097Ia 4500
008
220204s9999 xx 000 0 und d
082
_a
331+362
_b
ILO
245
0
_a
ILO and social security
260
_b
ILO
942
_c
BK
999
_c
22113
_d
22113